000 01123aam a2200289 4500
999 _c46833
_d46833
001 20482
003 CO-MdFUSB
005 20171110091452.0
008 160901t2001 xxubhoag |||| 00| 0 eng d
020 _a0-8028-3717-4
040 _aCO-MdFUSB
_bEspañol
_cCO-MdFUSB
_dCO-MdFUSB
_erda
041 _aeng
082 _224
_a225.61
_bAC179i
100 1 _aAchtemeier, Paul J.
_dautor
245 1 0 _aIntroducing the New Testament
_b:Its literature and theology
_c/ Paul J. Achtemeier, Joel B. Green, Marianne Meye Thompson
264 4 _aGrand Rapids, Michigan:
_bWilliam B. Eerdmans Publishing Company,
_c© 2001
300 _axii, 624 páginas
336 _2rdacontent
_atexto
_btxt
337 _2rdamedia
_asin mediación
_bn
338 _2rdacarrier
_avolumen
_bnc
500 _aIncluye índices
501 _aPasta Dura
505 0 0 _aEl mundo del Nuevo Testamento - La naturaleza de los evangelios - Jesús de Nazaret - Un capítulo sobre cada uno de los libros del Nuevo Testamento - la formación del canon del Nuevo Testamento
630 0 7 _aBiblia.
_pNuevo Testamento
942 _cBK